| 000 | 00628nam a22001937a 4500 | ||
|---|---|---|---|
| 003 | OSt | ||
| 005 | 20230118101515.0 | ||
| 008 | 221021b |||||||| |||| 00| 0 eng d | ||
| 040 | _cBiblioteca LadoV | ||
| 082 |
_a708 _bH132a |
||
| 100 |
_9501 _aHadziomerpshic, Anur _ecurador |
||
| 245 | _aArs Aevi Muzej Savremene Umjetnosti Sarajevo/ | ||
| 260 |
_aRusia _c1992 _bUNESCO |
||
| 300 |
_a56p. _c20x20cm |
||
| 650 |
_2Tesauro de Arte & Arquitectura _aLIBRO DE ARTE |
||
| 650 |
_2Tesauro de Arte & Arquitectura _aCATALOGO |
||
| 650 |
_2Tesauro de Arte & Arquitectura _aARTE |
||
| 942 |
_2ddc _c1 _h708 _iH132a _n0 |
||
| 999 |
_c2806 _d2806 |
||